000
00311nam a2200133Ia 4500
005
20251222144924.0
008
251222s9999||||xx |||||||||||||| ||spa||
020
_a
950-695-153-5
082
_a
306.3/H22
100
_a
Harrison, Lawrence E.
245
0
_a
¿Quiénes Prosperan?:
264
_b
REI
942
_c
LIB
999
_c
22846
_d
22846